Which Country Is This City In #3 - Statistics

General Stats
  • This quiz has been taken 48 times
  • The average score is 14 of 16
Answer Stats
City Country % Correct
Brussels Belgium
100%
Edinburgh United Kingdom
100%
Winnipeg Canada
98%
Kuwait City Kuwait
98%
Casablanca Morocco
98%
Rotterdam Netherlands
98%
Porto Portugal
98%
Vladivostok Russia
98%
Cancun Mexico
91%
Phuket Thailand
91%
Baku Azerbaijan
89%
Sucre Bolivia
84%
Abuja Nigeria
82%
Timbuktu Mali
73%
Belmopan Belize
66%
Palikir F. S. Micronesia
43%
No matching quizzes found
Score Distribution
Percent of People with Each Score
Percentile by Number Answered
Your Score History
You have not taken this quiz